000 00325nam a2200145 4500
003 OSt
008 250128b |||||||| |||| 00| 0 eng d
100 _aGUPTA, S.
245 _aArtificial Intelligence
250 _aRep
260 _aNew Delhi
_bShubham Publisher
_c2014
300 _a464
650 _aIT
942 _2ddc
_cBK
999 _c13030
_d13030